000 00598nam a2200193Ia 4500
005 20250508150401.0
008 008 250505s9999 xx 000 0 eng d
037 _aTextual
040 _aFEDL
_beng
_cFEDL
041 _aeng
_2eng
084 _a742, HUL
_qFEDL
100 _aHull Joseph William
_9756554
245 0 _aPerspective and its practical application to problems of graphic representation
260 _aBerkeley
_bUniversity of California Press
_c1946
300 _avii,64p.
490 _aArt laboratoray manual
942 _cTEXL
_h742, HUL
999 _c1323333
_d1323333